000 00411nam a2200157Ia 4500
003 GCL
008 140319s9999 xx 000 0 ara d
040 _aGCL /
_cGCL
082 0 4 _aد
_b050
100 1 _aمحمد العزب موسى
245 1 0 _aحرب الافيون (اقرا 311 ) /
_cمحمد العزب موسى
300 _a160
490 _aاقرأ
_v0
650 0 4 _aالافيون
942 _2ddc
_cBK
999 _c48783
_d48783